000 00315nam a2200097Ia 4500
008 160523s9999 xx 000 0 und d
245 _aFree From Corporate America: A Tactical Guide to Success on Your Own Terms
245 _cby Jonathan Reed
260 _c2012
856 _uhttp://www.smashwords.com/books/view/134672
999 _c294863
_d294863